| 000 | 02020nam a2200493 i 4500 | ||
|---|---|---|---|
| 001 | 196931 | ||
| 003 | ES-MaACL | ||
| 005 | 20250819085730.0 | ||
| 008 | 250203s2023 sp a|||| c||| 000 0|cat|c | ||
| 017 |
_aDL V-3850-2023 _bOficina Depósito Legal Valencia |
||
| 020 | _a9788412030129 | ||
| 040 |
_aES-BaMCB _bcat _erda _cES-BaMCB |
||
| 080 | _a7(460.31)(Tor) | ||
| 100 | 1 |
_aTormo Cuenca, Rafael _9239647 _eaut |
|
| 245 | 1 | 0 |
_aIP31 : _bla força del record és la capacitat d'estimar / _cRafael Tormo Cuenca ; textos: Rafael Tormo Cuenca [y siete más]. |
| 246 | 3 | _aForça del record és la capacitat d'estimar | |
| 250 | _aPrimera edición: octubre de 2023 | ||
| 264 | 1 |
_a[s. l.] : _bSCOMUNICATIVA, _c2023 |
|
| 300 |
_a329 páginas : _bilustrado a color ; _c27 cm. |
||
| 336 |
_atexto _btxt _2rdacontent |
||
| 336 |
_aimagen fija _bsti _2rdacontent |
||
| 337 |
_asin mediación _bn _2rdamedia |
||
| 338 |
_avolum _bnc _2rdacarrier |
||
| 504 | _aIncluye referencias bibliográficas | ||
| 546 | _aTexto en catalán con traducciones al español e inglés | ||
| 600 | 1 | 0 |
_aTormo Cuenca, Rafael _2lemac _9239647 |
| 650 | 7 |
_aFranquismo _2embne _912981 |
|
| 650 | 7 |
_aArte y política- _9157049 _zEspaña |
|
| 655 | 7 |
_2tgfbne _9193628 _aCatálogos de exposiciones |
|
| 700 | 1 |
_aRibera, Raimon _etrl _9241543 |
|
| 700 | 1 |
_aMorandi Garde, Teresa _eaut _9241544 |
|
| 700 | 1 |
_aÁngeles, Álvaro de los _eaut _9241545 |
|
| 700 | 1 |
_aFernández i Zaragozà, Miquel _eaut _9241546 |
|
| 700 | 1 |
_aSánchez, Miquel _eaut _9241547 |
|
| 700 | 1 |
_aSánchez Vidagany, Manuel _eaut _9241548 |
|
| 700 | 1 |
_aRozalen, Francesc _eaut _9241549 |
|
| 700 | 1 |
_aAdrià Montolio, Joan Josep _eaut _9241550 |
|
| 852 |
_aES-MaACL _cDEPOJ _jN-10329 _xEncuadernación rústica con solapas _9206454 _hDonación: Editorial |
||
| 942 |
_cMONOGRAFIA _n0 |
||
| 999 |
_c196931 _d196931 |
||